| 000 | 00483cam a22002051 4500 | ||
|---|---|---|---|
| 001 | sa 64004596 | ||
| 003 | DLC | ||
| 005 | 20260227112026.0 | ||
| 008 | 940216s1963 xx 000 0 tam | ||
| 010 | _asa 64004596 | ||
| 035 | _a(OCoLC)29823370 | ||
| 040 |
_aDLC _cNRU _dDLC |
||
| 042 | _apremarc | ||
| 050 | 0 | 0 |
_aHQ10 _b.C2 |
| 100 | 1 | _aCampantam, Caracu. | |
| 245 | 1 | 0 | _aKuášumpac cuášar. |
| 260 | _c[1963] | ||
| 300 |
_a146 p. _c18 cm. |
||
| 650 | 0 | _aFamily life education. | |
| 999 |
_c58623 _d58623 |
||